|
|
|
|
| LEADER |
00000nam0a2200000 4500 |
| 001 |
57208 |
| 005 |
20231031054124.0 |
| 010 |
|
|
|a 5256016407
|
| 035 |
|
|
|a (RuTPU)RU\TPU\book\60343
|
| 090 |
|
|
|a 57208
|
| 100 |
|
|
|a 20031024d2002 m y0rusy50 ca
|
| 101 |
0 |
|
|a rus
|
| 102 |
|
|
|a RU
|
| 105 |
|
|
|a a j 001zy
|
| 200 |
1 |
|
|a Теоретические основы радиосистем. Радиосвязь, радиолокация, радионавигация
|e учебное пособие
|f А. С. Котоусов
|
| 210 |
|
|
|a Москва
|c Радио и связь
|d 2002
|
| 215 |
|
|
|a 224 с.
|c ил.
|
| 225 |
1 |
|
|a Учебное пособие для вузов
|
| 320 |
|
|
|a Библиогр.: с. 221
|
| 610 |
1 |
|
|a радиосвязь
|
| 610 |
1 |
|
|a радиосистемы
|
| 610 |
1 |
|
|a каналы
|
| 610 |
1 |
|
|a сигналы
|
| 610 |
1 |
|
|a обнаружение
|
| 610 |
1 |
|
|a различение
|
| 610 |
1 |
|
|a информация
|
| 610 |
1 |
|
|a теория
|
| 610 |
1 |
|
|a кодирование
|
| 610 |
1 |
|
|a случайные параметры
|
| 610 |
1 |
|
|a измерения
|
| 610 |
1 |
|
|a радиосигналы
|
| 610 |
1 |
|
|a оценивание
|
| 610 |
1 |
|
|a непрерывные сообщения
|
| 610 |
1 |
|
|a помехи
|
| 675 |
|
|
|a 621.396(075.8)
|v 3
|
| 700 |
|
1 |
|a Котоусов
|b А. С.
|g Анатолий Сергеевич
|
| 801 |
|
1 |
|a RU
|b 63413507
|c 20031024
|g PSBO
|
| 801 |
|
2 |
|a RU
|b 63413507
|c 20041115
|g PSBO
|
| 900 |
|
|
|a Радио и связь
|
| 900 |
|
|
|a Радиотехника и электроника
|
| 942 |
|
|
|c BK
|
| 951 |
|
|
|a 552500
|b 201600
|
| 959 |
|
|
|a 153/20041115
|d 1
|e 104,50
|f ЧЗТЛ:1
|